| 000 | 01151nam a2200349 i 4500 | ||
|---|---|---|---|
| 001 | 6354 | ||
| 003 | ES-MaACL | ||
| 005 | 20230906144907.0 | ||
| 007 | t| | ||
| 008 | 890926s1985 sp ||||1| ara | ||
| 020 | _a84-00-05939-5 | ||
| 080 | _a128 | ||
| 080 | _a1 Averroes | ||
| 080 | _a1 Aristoteles | ||
| 100 | 1 |
_aAverroes. _924027 |
|
| 245 | 1 | 0 |
_aEpitome de anima / _cedidit Salvator Gomez Nogales. |
| 260 |
_aMadrid : _bInstituto "Miguel Asin" : _bInstituto Hispano-Arabe de Cultura, _c1985. |
||
| 300 |
_a260 p. ; _c24 cm. |
||
| 490 | 1 | _aAverrois opera | |
| 490 | 1 |
_aCorpus philosophorum Medii Aevi. A, Series Arabica ; _vA 31 |
|
| 500 | _aTexto en arabe. | ||
| 500 | _aIndice. | ||
| 600 | 0 | 4 |
_aAristóteles- _xCrítica e interpretación. _922862 |
| 650 | 1 | 4 |
_aAlma. _99739 |
| 700 | 1 |
_aGómez Nogales, Salvador. _958077 |
|
| 710 | 2 |
_aInstituto "Miguel Asín" _95132 |
|
| 710 | 2 |
_aInstituto Hispano-Árabe de Cultura. _9162165 |
|
| 830 | 0 |
_aAverrois opera _9227793 |
|
| 830 | 0 |
_aCorpus philosophorum Medii Aevi. A, Series Arabica ; _vA 31 _9227794 |
|
| 852 |
_aES-MaACL _jL-13489 _bR.116542 _z. - tela |
||
| 999 |
_c6354 _d6354 |
||